| 000 | 00577nam a2200205Ia 4500 | ||
|---|---|---|---|
| 008 | 191130s2008##################000#0#eng## | ||
| 020 | _a9780199541430 | ||
| 022 | _a2008279020 | ||
| 040 |
_aACL _cACL |
||
| 082 | _a103 BLA | ||
| 100 | _aBlackburn, Simon | ||
| 245 |
_aThe Oxford dictionary of philosophy _cSimon Blackburn |
||
| 250 | _a2nd ed., rev | ||
| 260 |
_aOxford _bOxford University Press _c2008 |
||
| 300 | _a407 p. : ill. ; 20 cm. | ||
| 650 | _aPhilosophy - Dictionaries | ||
| 990 | _a2f27db2cac10000c25d30c640aac288f | ||
| 991 | _a150056 | ||
| 999 |
_c398506 _d398506 |
||